| 000 | 01305nam2a2200229 4500 | ||
|---|---|---|---|
| 001 | rc\2903911 | ||
| 005 | 20260315053838.0 | ||
| 035 | _a(NLR Aleph) 007055113 | ||
| 090 |
_a13591684 _c13591684 |
||
| 100 | _a20110730d1927 u y0rusy50 ca | ||
| 101 | 0 | _arus | |
| 102 | _aRU | ||
| 105 | _ay z ||||| | ||
| 200 | 0 | _aВып. 1 | |
| 210 | _d1927 | ||
| 215 |
_a173 с. _eил. на отд. л. |
||
| 461 | 0 |
_1001rc\2903910 _12000#$aЮбилейный сборник к 10-летию Октября о работе и деятельности Азербайджанского общества Красного полумесяца$fПод. ред. д-ра А.Г. Казимова и А.М. Джамалинского$vВып. 1 _96229592 _aОбщество Красного Полумесяца АзССР (Баку) _cБаку _d1927 _fПод. ред. д-ра А.Г. Казимова и А.М. Джамалинского _nГл. упр. Азерб. о-ва Красн. полумесяца _tЮбилейный сборник к 10-летию Октября о работе и деятельности Азербайджанского общества Красного полумесяца _vВып. 1 |
|
| 801 | 0 |
_aRU _bNLR _gpsbo |
|
| 801 | 1 |
_aRU _bELAR _2rusmarc |
|
| 852 |
_aNLR _j48/381 |
||
| 942 | _cUNSPEC | ||
| 980 | _aNB | ||